Cinéma - Ils ont joué dans le même film - 2 - Statistiques

Statistiques générales
  • Ce quiz a été pris 222 fois
  • Le résultat moyen est 12 sur 20
Statistiques - réponses
Hint Réponse % Correct
Le Silence des Agneaux Anthony Hopkins/Jodie Foster
81%
Pretty women Richard Gere/Julia Roberts
81%
Pulp Fiction Uma Thurman/John Travolta
80%
Madame Doubtfire Robin Williams/Sally Field
73%
Seven Brad Pitt/Kevin Spacey
71%
Maman, j'ai raté l'avion Macaulay Culkin/Joe Pesci
68%
Will Hunting Matt Damon,Ben Affleck
65%
Entretien avec un vampire Brad Pitt/Tom Cruise
61%
Bodyguard Kevin Costner/Whitney Houston
61%
Les Affranchis Robert De Niro/Ray Liotta
58%
Malcolm X Denzel Washington/Angela Bassett
57%
Quatre mariages et un enterrement Hugh Grant/Andie McDowell
53%
Nikita Jean Reno/Anne Parillaud
53%
Ghost Patrick Swayze/Demi Moore
50%
Casino Robert De Niro/Sharon Stone
50%
Point Break Patrick Swayze/Keanu Reeves
45%
Thelma et Louise Brad Pitt/Susan Sarandon
43%
Speed Sandra Bullock/Keanu Reeves
43%
La Leçon de piano Holly Hunter/Anna Paquin
37%
Sailor et Lula Nicholas Cage/Laura Dern
31%
Aucun quiz correspondant
Distribution des résultats
% des personnes avec chaque résultat
Percentile par nombre de réponses
Votre historique - résultats
Vous n’avez pas pris ce quiz